logo

Bir Sreshtho Munshi Abdur Rouf Library
Jhenaidah Cadet College

Introduction to heat transfer (Record no. 8928)

MARC details
000 -LEADER
fixed length control field 00747nam a22002531 4500
001 - CONTROL NUMBER
JCCL Control Number 8928
003 - CONTROL NUMBER IDENTIFIER
JCCL marc code BD-JhCC
005 - DATE AND TIME OF LATEST TRANSACTION
control field 20180305190523.0
008 - FIXED-LENGTH DATA ELEMENTS--GENERAL INFORMATION
fixed length control field 850409s1958 nyua 000 0 eng
035 ## - SYSTEM CONTROL NUMBER
system control number (BD-JhCC)8928
040 ## - CATALOGING SOURCE
Original cataloging agency DLC/ICU
Transcribing agency ICU
Modifying agency DLC
-- BD-JhCC
041 ## - LANGUAGE CODE
Language code of Book eng
050 00 - LIBRARY OF CONGRESS CALL NUMBER
Classification number QC320
Item number .B7 1958
082 00 - DEWEY DECIMAL CLASSIFICATION NUMBER
Classification number 536.2
Author mark and Year BRO 1958
100 1# - MAIN ENTRY--PERSONAL NAME
Personal name Brown, Aubrey I.
Fuller form of name (Aubrey Ingerson),
Dates associated with a name 1888-
245 10 - TITLE STATEMENT
Title Introduction to heat transfer
Statement of responsibility, etc [by] Aubrey I. Brown [and] Salvatore M. Marco.
250 ## - EDITION STATEMENT
Edition statement 3d ed.
260 ## - PUBLICATION, DISTRIBUTION, ETC. (IMPRINT)
Place of publication, distribution, etc New York,
Name of publisher, distributor, etc McGraw-Hill,
Date of publication, distribution, etc 1958.
300 ## - PHYSICAL DESCRIPTION
Pagination 332 p.
Other physical details illus.
Dimensions 24 cm.
650 #0 - SUBJECT ADDED ENTRY--TOPICAL TERM
Topical term or geographic name as entry element Heat
General subdivision Transmission.
700 1# - ADDED ENTRY--PERSONAL NAME
Personal name Marco, Salvatore M.
Fuller form of name (Salvatore Michael),
942 ## - ADDED ENTRY ELEMENTS (KOHA)
Source of classification or shelving scheme Dewey Decimal Classification
Koha item type Books
Holdings
Source of classification or shelving scheme Damaged status Not for loan Home library Current library Shelving location Total Checkouts Full call number Barcode Date last seen Copy number Koha item type
Dewey Decimal Classification     JCC Rouf Library JCC Rouf Library General Stacks   536.2 BRO 1958 11577 03/05/2018 C - 1 Books

JCC Library | Contacts | JCC Home

Last Update on 23 September 2017
Copyright @ 2017-2020 JCC Rouf Library
Rouf Library, Jhenidah Cadet College (JCC), Bangladesh